Statistiques concernant Calcul mental instantané #5

Cliquez ici pour prendre le quiz!

Statistiques générales

  • Ce quiz a été pris 2 986 fois
  • Le résultat moyen est 4 sur 10

Statistiques - réponses

#OpérationsRéponses% Correct
110 x 10100
100%
2/ (1/2)200
65%
3/ (1/3)600
58%
4/ 2524
43%
5/ 38
41%
6x 972
39%
7/ 324
34%
8x 24576
12%
9+ 20596
11%
10x 42384
5%

Distribution des résultats

Percentile par nombre de réponses

% des personnes avec chaque résultat

Votre développement - résultats

Vous n’avez pas pris ce quiz